000 00498nam a2200157 4500
001 121853
003 ES-MaACL
007 t|
008 070214s1915 sp r ||||1| spa d
100 1 _aPortuondo y Barcelo, Antonio.
_993306
245 1 0 _aNotas al trabajo de Geometría elemental de E. Rouché y Ch. de Comberousse /
_cpor Antonio Portuondo y Barcelo.
250 _a6ª. ed.
260 _aMadrid :
_bHernando,
_c1915.
300 _aVIII, 144 p. 3 lám. ;
_c24 cm.
852 _aES-MaACL
_jG-6272
999 _c121853
_d121853